Quizzes
Events
Quiz Creation
Community
Videos
Private Events
Remove Ads
Sign In
Join for FREE
Feedback
Dark Mode
Quiz Categories
Sports
Geography
Music
Movies
Television
Just For Fun
Miscellaneous
History
Literature
Language
Science
Gaming
Entertainment
Religion
Holiday
For Kids
Quiz Lab
Recent
Popular Today
Quiz Kudos Today
Editor Picks
Curator Picks
Quizzes by...
Day
Popularity
Type
Ratings
Length
Year
Community
Subscriptions
Recent Discussions
Orange Saloon
Badges
Playlists
Quests
Create
Leaderboards
Showdown
Live 5
Trivia Bingo
Activity
Puzzle Library
Sporcle Events
Private Events
Virtual Trivia
Globe League
Become a Host
Pub Owners
SporcleCon
Opinionation
Our Games
Videos
Blog
Mobile Apps
Partnerships
Remove Ads and Go Orange
Feedback
Sports
Athletes
MLB
NBA
NHL
NFL
Soccer
Sports Teams
WWE
NCAA
Football
Premier League
Basketball
Baseball
Hockey
Golf
Tennis
Cricket
Rugby
Auto Racing
Olympics
World Cup
Sports
Athletes
MLB
NBA
NHL
NFL
Soccer
Sports Teams
WWE
NCAA
Football
Premier League
Basketball
Baseball
Hockey
Golf
Tennis
Cricket
Rugby
Auto Racing
Olympics
World Cup
Random Quiz
Search Sporcle
×
Quiz Lab
Quiz Lab
Sports
Baseball
Type in answers that appear in a list
Type in answers that appear in a list
Classic
Best Score? Go Orange.
2012/13 MLB Free Agent Signings Stats
Can you name the respective teams that these players signed with?
By
HockeyGuru101
5m
65 Questions
210 Plays
210 Plays
210 Plays
Comments
Comments
Give Quiz Kudos
Give Quiz Kudos
-
- Ratings
hide this ad
Forced Order
Answers have to be entered in order
Answers have to be entered in order
Replay
Link that replays current quiz
Next Quiz
Link to next quiz in quiz playlist
You Got
0%
They Got
Avg Score
37%
Avg Friend Score
Upgrade to see
Score Distribution
Jump to the score distribution portion of the page
Score
0/65
Timer
05:00
0
Plays Today
Player
2013 Team
% Correct
Zack Greinke
Los Angeles Dodgers
86.2%
Josh Hamilton
Los Angeles Angels
86.2%
Ryan Dempster
Boston Red-Sox
84.3%
Melky Cabrera
Toronto Blue-Jays
82.4%
Mike Napoli
Boston Red-Sox
81.4%
Jason Bay
Seattle Mariners
81.4%
Kevin Youkilis
New York Yankees
81.4%
Torii Hunter
Detroit Tigers
79%
B.J. Upton
Atlanta Braves
77.1%
Stephen Drew
Boston Red-Sox
75%
Shane Victorino
Boston Red-Sox
74.8%
Russell Martin
Pittsburgh Pirates
73.8%
Dan Haren
Washington Nationals
73.8%
Jonny Gomes
Boston Red-Sox
68.6%
Joe Blanton
Los Angeles Angels
68.1%
Raúl Ibañez
Seattle Mariners
67.9%
Mike Adams
Philadelphia Phillies
66%
A.J. Pierzynski
Texas Rangers
64.2%
James Loney
Tampa Bay Rays
63.8%
Carlos Peña
Houston Astros
63.3%
Eric Chavez
Arizona Diamondbacks
61.9%
Hyun-
Jin Ryu
Los Angeles Dodgers
61.9%
Nick Swisher
Cleveland Indians
60%
Brandon McCarthy
Arizona Diamondbacks
59.5%
Juan Pierre
Miami Marlins
58.6%
Placido Polanco
Miami Marlins
58.5%
Rafael Soriano
Washington Nationals
58%
Andres Torres
San Francisco Giants
56.7%
Ryan Madson
Los Angeles Angels
55.7%
Mark Reynolds
Cleveland Indians
54.7%
Cody Ross
Arizona Diamondbacks
50.9%
Jeff Keppinger
Chicago White-Sox
50.5%
Joakim Soria
Texas Rangers
49%
Player
2013 Team
% Correct
Scott Baker
Chicago Cubs
48.6%
Mike Pelfrey
Minnesota Twins
48.3%
Sean Burnett
Los Angeles Angels
46.7%
Koji Uehara
Boston Red-Sox
46.2%
Kevin Correia
Minnesota Twins
45%
David Ross
Boston Red-Sox
43.8%
Maicer Izturis
Toronto Blue-Jays
42.9%
Kyuji Fujikawa
Chicago Cubs
42.9%
Jack Hannahan
Cincinnati Reds
38.3%
Ty Wigginton
St. Louis Cardinals
38.1%
Scott Feldman
Chicago Cubs
37.6%
Philip Humber
Houston Astros
36.7%
Randy Choate
St. Louis Cardinals
33.3%
Nate Schierholtz
Chicago Cubs
32.1%
Gerald Laird
Atlanta Braves
30.5%
Eric Hinske
Arizona Diamondbacks
29.5%
Tom Gorzelanny
Milwaukee Brewers
28.3%
Jose Veras
Houston Astros
26.4%
Mike Gonzalez
Milwaukee Brewers
18.9%
Dioner Navarro
Chicago Cubs
18.6%
Brayan Peña
Detroit Tigers
17.1%
Aaron Laffey
New York Mets
17%
Brian Bogusevic
Chicago Cubs
11.4%
Emmanuel Burriss
Cincinnati Reds
11.4%
Dan Wheeler
Kansas City Royals
10%
Xavier Nady
Kansas City Royals
10%
Mike Fontenot
Tampa Bay Rays
9.5%
Travis Buck
San Diego Padres
9%
Kila Ka'aihue
Arizona Diamondbacks
8.6%
Donnie Murphy
Milwaukee Brewers
8.3%
Jeff Manship
Colorado Rockies
4.8%
Will Rhymes
Washington Nationals
3.8%
Quiz Playlist
Details
Report
Send in Message
Add To Playlist
Classic:
Type in answers that appear in a list
Forced Order:
Answers have to be entered in order
Last Updated: Feb 16, 2017
Quiz Scoreboard
CHALLENGE
Sign Up to Join the Scoreboard
Show All
Scores
Hide
Comments
May contain spoilers
Recently Published
Popular People in 1961
by mucciniale
History
6m
1-10 Letter E Words III
by El_Dandy
Language
2m
One Thing in Common: World Cities II
by knightlancer
Geography
7m
More to Explore
Quiz From the Vault
Featured Blog Post
Where Did the Easter Bunny Come From?
hide this ad
You Might Also Like...
Tags
Baseball Quiz
MLB Quiz
2012
2013
Agent
free
Signing
Today's Top Quizzes in Sports
Browse Sports
hide this ad
Today's Top Quizzes in Baseball
Browse Baseball
Top Contributed Quizzes in Sports
1
Les meilleurs buteurs des matchs entre le PSG et l’OM
2
Les entraîneurs de l'OM et du PSG au 21e siècle
3
FIFA Club World Cup Champions
4
2022 World Cup Stars
5
Name the Premier League winners with different clubs
6
La finale Lions - Afrique du Sud 2021
7
Criteria MLB: Left Handed Sluggers
8
Players with Multiple 50 Home Run Seasons
9
MLB Players with Two .350 Batting Average Seasons
10
MLB Hall of Famer by Rings
Explore More
Trending Topics
Crossword
Disney
Kpop
Harry Potter
Anime
Marvel
NBA
NFL
WWE
Pokémon
The Office
Soccer
Country
Puzzle
Song
hide this ad
More By:
HockeyGuru101
Quiz
Plays
Rating
Category
Featured
Created
NBA Team Captains
4,067
3.45
Sports
Aug 17, 2013
2013/14 New York Rangers
564
Sports
Aug 21, 2012
NBA Teams That Have Never Won a Championship
517
2.00
Sports
Dec 26, 2011
2011-2012 New York Rangers
458
4.50
Sports
Nov 28, 2011
2014/15 MLB Free Agents
428
2.00
Sports
Nov 28, 2014
Go to Creator's Profile
Score Distribution
Quiz Creator Spotlight
HockeyGuru101
Follow
Send a Message
Quizzes Created
-
Created Quiz Play Count
-
More By This Creator
Popular Quizzes Today
1
Find the US States - No Outlines Minefield
2
Find the Countries of Europe - No Outlines Minefield
3
The Countries of the World
4
Popular People in 1961
5
1-10 Letter E Words III
6
Find the US States
7
One Thing in Common: World Cities II
8
US States
More Sports Quizzes
4-to-1 Blitz: Sports
Published
Trending Quizzes
Risky Map Clicking: Least Populous States A-Z
1-10 Letter F Words
1-10 Letter G Words
One Thing in Common: United Kingdom
Risky Map Clicking: Next State Alphabetically
Recently Updated
Leaping Animals
pecheneg
Reality TV Shows (A-Z)
bhenderson79
Rickey Henderson's Hall of Fame Teammates
pecheneg
Champions League XIs: Arsenal
pecheneg
Quick Pick: Celebrities in WWE's Hall of Fame
aduchscher
A-Z Keypad Blitz II
pecheneg
Multiple Oscar Actors
pecheneg
Mystery Phrase Blitz: Oscar 'Best Actors'
pecheneg
F. Scott Fitzgerald Novels
LTH
Pick 3 Villains
ddd62291
Trending Topics
Crossword
Harry Potter
Kpop
NBA
Disney
Anime
Marvel
NFL
Pokémon
The Office
Country
Puzzle
Soccer
Song
WWE
Your Account Isn't Verified!
In order to create a playlist on Sporcle, you need to verify the email address you used during registration. Go to your
Sporcle Settings
to finish the process.
Report this User
Report this user for behavior that violates our
Community Guidelines
.
Details:
Send Report
Go to the Sporcle.com Mobile Site →
Comments